000 01199nam a2200301Ia 4500
001 ebr10278245
003 CaPaEBR
006 m u
007 cr cn|||||||||
008 891205s1990 nyua sb 001 0 eng d
010 _z 89049455
020 _z9780195061420
020 _z019506142X
040 _aCaPaEBR
_cCaPaEBR
035 _a(OCoLC)252587030
050 1 4 _aKF8700
_b.K77 1990eb
100 1 _aKritzer, Herbert M.,
_d1947-
245 1 4 _aThe justice broker
_h[electronic resource] :
_blawyers and ordinary litigation /
_cHerbert M. Kritzer.
260 _aNew York :
_bOxford University Press,
_c1990.
300 _axii, 233 p. :
_bill.
504 _aIncludes bibliographical references (p. 211-226) and index.
533 _aElectronic reproduction.
_bPalo Alto, Calif. :
_cebrary,
_d2009.
_nAvailable via World Wide Web.
_nAccess may be limited to ebrary affiliated libraries.
650 0 _aJustice, Administration of
_zUnited States.
650 0 _aLawyers
_zUnited States.
655 7 _aElectronic books.
_2local
710 2 _aebrary, Inc.
856 4 0 _uhttp://site.ebrary.com/lib/rucke/Doc?id=10278245
_zAn electronic book accessible through the World Wide Web; click to view
999 _c4242
_d4242